LEADER 01741nam0 22003613i 450 001 SBL0603998 005 20251003044358.0 020 $aIT$b8413232 100 $a20080522d1984 ||||0itac50 ba 101 | $aita 102 $ait 181 1$6z01$ai $bxxxe 182 1$6z01$an 200 1 $aˆLa ‰funzione del controllo nelle banche di deposito$fAntonio Dell'Atti 210 $aBari$cCacucci$d1984 215 $a143 p.$d25 cm 300 $aIn testa al front.: Universita degli studi di Bari, Facolta di economia e commercio, Istituto di tecnica bancaria e professionale, industriale e commerciale. 606 $aBanche di deposito$xGestione$xControllo$2FIR$3SBLC118325$9I 676 $a332$9ECONOMIA FINANZIARIA$v23 676 $a332.1752$9SERVIZI BANCARI GENERALI. DEPOSITI$v21 696 $aBanche depositi$aControlli$aVigilanza 699 $aBanche di deposito$yBanche depositi 699 $aControllo$zControlli 699 $aControllo$zVigilanza 700 1$aDell'Atti$b, Antonio$3CFIV040912$4070$0116264 801 3$aIT$bIT-000000$c20080522 850 $aIT-BN0095 901 $bNAP 01$cPOZZO LIB.$nVi sono collocati fondi di economia, periodici di ingegneria e scienze, periodici di economia e statistica e altri fondi comprendenti documenti di economia pervenuti in dono. 912 $aSBL0603998 950 0$aBiblioteca Centralizzata di Ateneo$b1 v.$c1 v.$d 01POZZO LIB.F. PARRAVICINI 119$e 0101 0600159885E VMA 1 v. (Sul risguardo dedica dell'autore al Prof. Giannino Parravicini. - Precedente collocazione P 133)$fB $h20220725$i20220725 977 $a 01 996 $aFunzione del controllo nelle banche di deposito$9196329 997 $aUNISANNIO